Central Library OPAC University of Rajshahi

Inorganic isotopic syntheses / (Record no. 72197)

MARC details
000 -LEADER
fixed length control field 00655nam a2200217 a 4500
001 - CONTROL NUMBER
control field 72197
003 - CONTROL NUMBER IDENTIFIER
rucl marc code BD-RjUL
005 - DATE AND TIME OF LATEST TRANSACTION
control field 20211209082225.0
008 - FIXED-LENGTH DATA ELEMENTS--GENERAL INFORMATION
fixed length control field 170515s1962 nyua b 001 0 eng
035 ## - SYSTEM CONTROL NUMBER
System control number (BD-RjUL)72413
040 ## - CATALOGING SOURCE
Original cataloging agency DLC
Transcribing agency WSU
Modifying agency OCL
-- BD-RjUL
Language of cataloging eng
041 ## - LANGUAGE CODE
Language code of text/sound track or separate title eng
082 ## - DEWEY DECIMAL CLASSIFICATION NUMBER
Classification number 541.3884
Edition number 23
Author mark and year INO 1962
245 10 - TITLE STATEMENT
Title Inorganic isotopic syntheses /
Statement of responsibility, etc. Rolfe H. Herber, editor. Contributors: Henry L. Crespi [and others]
260 ## - PUBLICATION, DISTRIBUTION, ETC. (IMPRINT)
Place of publication, distribution, etc. New York :
Name of publisher, distributor, etc. W. A. Benjamin,
Date of publication, distribution, etc. c1962.
300 ## - PHYSICAL DESCRIPTION
Pagination 249 p. :
Illustrations ill. ;
Size 24 cm.
650 #0 - SUBJECT ADDED ENTRY--TOPICAL TERM
Topical term or geographic name as entry element Radioisotopes.
9 (RLIN) 213518
Topical term or geographic name as entry element Isotopes
9 (RLIN) 213519
700 ## - ADDED ENTRY--PERSONAL NAME
Personal name Herber, Rolfe H.
942 ## - ADDED ENTRY ELEMENTS (KOHA)
Source of classification or shelving scheme Dewey Decimal Classification
Koha item type Books
Holdings
Lost status Source of classification or shelving scheme Damaged status Not for loan Collection code Permanent Location Current Location Shelving location Date acquired Source of acquisition Cost, normal purchase price Total Checkouts Full call number Date last seen Copy number Koha item type
  Dewey Decimal Classification   Not For Loan Non-fiction Central Library, University of Rajshahi Central Library, University of Rajshahi Reading Room 22/06/1964 Mirza Book agency 45.00   541.3884 INO 1962 15/05/2017 C-1 Books